000 00604nam a2200121Ia 4500
008 220620s9999||||xx |||||||||||||| ||und||
100 _aMohammed Ghaly
245 0 _aIslamic Perspectives on the Principles of Biomedical Ethics
546 _aEnglish[eng]
650 _aCommon Morality||Religion and Bioethics||Principle-Based Bioethics||Islamic Bioethics||Sharia||Research Center for Islamic Legislation & Ethics (CILE)||Principlism||Independent Legal Reasoning (Ijtihad)||Four Principles||Higher Objectives of Sharia
856 _uhttps://www.worldscientific.com/worldscibooks/10.1142/Q0014
942 _cEB
999 _c33634
_d33634